101 caminos para sobrevivir al mundo del trabajo

Detalles Bibliográficos
Autor principal: Vľiz Montero, Fernando
Formato: eBook
Lenguaje:español
Publicado: Bogot:̀ ECOE, 2019
Materias:
Acceso en línea:Acceso restringido

MARC

LEADER 00000nam a22000007a 4500
005 20220322211848.0
007 cr|||| ||||
008 220322s2019 co |||||s|||| 00||0 spa d
020 |a 978-958-771-820-1 
035 |a 35815 
040 |a vLex 
090 |c 13076  |d 13076 
100 1 |a Vľiz Montero, Fernando 
245 1 0 |a 101 caminos para sobrevivir al mundo del trabajo  |h [Recurso electrn̤ico] /  |c Fernando Vľiz Montero 
256 |a Servicio en ln̕ea 
260 |a Bogot:̀  |b ECOE,  |c 2019 
300 |a 1 recurso electrn̤ico 
506 1 |a Disponible solo en los productos indicados  |d vLex Global  |d vLex Global (Academic Edition, excluding Law Schools)  |d vLex Global (U.S. Academic Edition, Law Schools)  |d vLex Global (U.S. Academic Edition, excluding Law Schools)  |d vLex Global (Academic Edition, Law Schools) 
650 0 4 |a Derecho Laboral y Seguridad Social  |z Colombia 
740 0 |a vLex Libros (Servicio en ln̕ea) 
856 4 0 |u https://app.vlex.com/#/sources/35815  |z Acceso restringido 
942 |c BOOK 
999 0 |a Labor law and social security